| 000 | 00649nam a2200205Ia 4500 | ||
|---|---|---|---|
| 003 | GCL | ||
| 008 | 140319s9999 xx 000 0 ara d | ||
| 040 |
_aGCL / _cGCL |
||
| 082 | 0 | 4 |
_a370.15 _bم ا |
| 100 | 1 | _aمحمد يوسف خليل | |
| 245 | 1 | 0 |
_aاسس التربية النفسية الطفولة والمراهقة / _cمحمد يوسف خليل |
| 300 | _a103 ص | ||
| 490 |
_aالطب النفسى بين الدين وعلماء النفس _v0 |
||
| 650 | 0 | 4 | _aالجنس |
| 650 | 0 | 4 | _aعلم النفس |
| 650 | 0 | 4 | _aالمراهقة |
| 650 | 0 | 4 | _aالطفولة |
| 650 | 0 | 4 | _aعلم النفس التعليمى |
| 942 |
_2ddc _cBK |
||
| 999 |
_c49516 _d49516 |
||